Megkoszorúzták Szent-Györgyi szobrát
Elmentve itt :
| További közreműködők: | |
|---|---|
| Dokumentumtípus: | Cikk |
| Megjelent: |
2018-09-18
|
| Sorozat: | Délmagyarország
108 No. 217 |
| Kulcsszavak: | Fendler Judit - kancellár, Koszorúzás - Szent-Györgyi Albert |
| Online Access: | http://univ.bibl.u-szeged.hu/48731 |
| LEADER | 00615nab a2200181 i 4500 | ||
|---|---|---|---|
| 001 | univ48731 | ||
| 005 | 20180918122443.0 | ||
| 008 | 180918s2018 hu o 0|| zxx d | ||
| 040 | |a SZTE UnivHistória Repozitórium |b hun | ||
| 041 | |a zxx | ||
| 245 | 0 | 0 | |a Megkoszorúzták Szent-Györgyi szobrát |h [elektronikus dokumentum] |
| 260 | |c 2018-09-18 | ||
| 300 | |a 5 | ||
| 490 | 0 | |a Délmagyarország |v 108 No. 217 | |
| 561 | |a Egyetemi hirarchívum | ||
| 695 | |a Fendler Judit - kancellár, Koszorúzás - Szent-Györgyi Albert | ||
| 700 | 0 | 1 | |a Karnok Csaba |
| 856 | 4 | 0 | |u http://univ.bibl.u-szeged.hu/48731/1/9788135.pdf |z Dokumentum-elérés |